000 nam a22 7a 4500
999 _c10792
_d10792
008 180223b ||||| |||| 00| 0 eng d
100 _aGupta, S
_96633
245 _aHome science -XI
260 _aNew Delhi
_c2015